|
|
|
|
| LEADER |
01072nam a2200277 a 4500 |
| 001 |
GR-Antirio840 |
| 008 |
090528s2006 nju 000 0 gre d |
| 020 |
|
|
|a 032142672X
|
| 040 |
|
|
|a GrPaTEI
|b gre
|c GR-PaULI
|
| 040 |
|
|
|a GrPaTEI
|b gre
|c GR-PaULI
|
| 040 |
|
|
|a GrPaTEI
|b gre
|c GR-PaULI
|
| 082 |
|
0 |
|a 005.1
|2 22
|
| 100 |
0 |
|
|a Clayberg, Eric
|
| 245 |
1 |
0 |
|a Eclipse :
|b building commercial-quality plug-ins: Clayberg, Eric , Rubel, Dan.
|
| 250 |
|
|
|a 2nd ed.
|
| 260 |
|
|
|a Upper Saddle River, N. J. :
|b Addison-Wesley,
|c c 2006
|
| 300 |
|
|
|a xIiii. , 810 σ. :
|b εικ. ;
|c 24 εκ.
|
| 490 |
0 |
|
|a The Eclipse series.
|
| 650 |
|
0 |
|a Computer sofware
|x Development
|
| 650 |
|
0 |
|a ECLIPSE (ELECTRONIC RESOURCE )
|
| 650 |
|
0 |
|a JAVA ( COMPUTER PROGRAM LANGUAGE )
|
| 700 |
0 |
|
|a Rubel, Dan
|
| 942 |
|
|
|2 ddc
|
| 952 |
|
|
|0 0
|1 0
|2 ddc
|4 0
|6 005_100000000000000_CLA
|7 0
|9 262312
|a LISK-2
|b LISK-2
|c BSC
|d 2021-01-17
|e 24
|f 0
|g 0.00
|l 0
|o 005.1 CLA
|p 2430000007343
|r 2021-01-17 00:00:00
|t 1
|w 2021-01-17
|y BK15
|x 20090528 0 1
|x GrPaTEI - Antirrio
|
| 971 |
|
|
|a .b25706391
|b 01-10-20
|c 12-09-16
|
| 999 |
|
|
|c 151266
|d 151266
|